000 00514nam a2200181Ia 4500
003 GCL
008 140319s9999 xx 000 0 ara d
040 _aGCL /
_cGCL
082 0 4 _a191
_bز ر
100 1 _aزكى نجيب محمود
245 1 0 _aرؤية اسلامية /
_cزكى نجيب محمود
260 _aالقاهرة :
_bدار الشروق ،
_c1968
300 _a158 ص ؛
_c20 سم
490 _a
650 0 4 _aالاسلام
650 0 4 _aالاسلام والمجتمع
942 _2ddc
_cBK
999 _c38627
_d38627